Icrea. Escritura creativa, arte, literatura, historia, pensamiento y cultura, producciones audiovisuales (Registro nro. 12090)
[ vista simple ]
| 000 -CABECERA | |
|---|---|
| campo de control de longitud fija | 00447nam a22001577a 4500 |
| 001 - NÚMERO DE CONTROL | |
| campo de control | T027600013129 |
| 008 - DATOS DE LONGITUD FIJA--INFORMACIÓN GENERAL | |
| campo de control de longitud fija | 181111b xve|||||r|||| 00| | esp d |
| 099 ## - SIGNATURA TOPOGRÁFICA LOCAL | |
| Número de clasificación | F-312 |
| Cutter | |
| 100 ## - ENTRADA PRINCIPAL--NOMBRE DE PERSONA | |
| Nombre de persona | Instituto de Creatividad y Comunicación |
| 245 ## - MENCIÓN DE TÍTULO | |
| Título | Icrea. Escritura creativa, arte, literatura, historia, pensamiento y cultura, producciones audiovisuales |
| 260 ## - PUBLICACIÓN, DISTRIBUCIÓN, ETC. (PIE DE IMPRENTA) | |
| Lugar de publicación, distribución, etc. | 1991 |
| 300 ## - DESCRIPCIÓN FÍSICA | |
| Extensión | pp.8 |
| 500 ## - NOTA GENERAL | |
| Nota general | Impreso |
| 650 ## - PUNTO DE ACCESO ADICIONAL DE MATERIA--TÉRMINO DE MATERIA | |
| Término de materia o nombre geográfico como elemento inicial | Español |
| 942 ## - ELEMENTOS DE PUNTO DE ACCESO ADICIONAL (KOHA) | |
| Tipo de ítem Koha | Libro |
| Estado de retiro | Estado de pérdida | Estado dañado | No para préstamo | Localización permanente | Ubicación/localización actual | Ubicación en estantería | Fecha de adquisición | Total de préstamos | Signatura topográfica completa | Código de barras | Fecha visto por última vez | Precio válido a partir de | Tipo de ítem Koha |
|---|---|---|---|---|---|---|---|---|---|---|---|---|---|
| Oscar Varsavsky | Oscar Varsavsky | Caja N° 20 | 13.11.2018 | F-312 | T027600014263 | 13.11.2018 | 13.11.2018 | Folleto |